Virus informáticos (Record no. 26343)

MARC details
000 -LEADER
campo de control de longitud fija 01044cac a2200253 a 4500
003 - IDENTIFICADOR DE NÚMERO DE CONTROL
campo de control Co-PeBPM
005 - FECHA Y HORA DE LA ÚLTIMA TRANSACCIÓN
campo de control 20241110184652.0
008 - DATOS DE LONGITUD FIJA--INFORMACIÓN GENERAL
campo de control de longitud fija 231129e1991||||xx a||||||||||||| ||spa||
020 ## - NÚMERO INTERNACIONAL ESTÁNDAR DEL LIBRO
Número Internacional Estándar del Libro 0078816475
040 0# - FUENTE DE CATALOGACIÓN
Centro catalogador/agencia de origen Co-PeBPM
Lengua de catalogación spa
Centro/agencia transcriptor Co-PeBPM
Normas de descripción rda
041 ## - CÓDIGO DE IDIOMA
Código de lengua del texto/banda sonora o título independiente spa
082 04 - NÚMERO DE LA CLASIFICACIÓN DECIMAL DEWEY
Número de clasificación 005.84 L665v
100 ## - ENTRADA PRINCIPAL--NOMBRE DE PERSONA
Nombre de persona Levin, Richard B.
Término indicativo de función/relación autor
245 10 - MENCIÓN DEL TÍTULO
Título Virus informáticos
Resto del título : tipos, protección, diagnóstico, soluciones
Mención de responsabilidad, etc. / Richard B. Levin ; traducción Diego Romero Ibancos, Blas González Jiménez; revisión técnica Luis Joyanes Aguilar.
260 ## - PUBLICACIÓN, DISTRIBUCIÓN, ETC.
Lugar de publicación, distribución, etc. Bogotá, Colombia
-- Madrid, España
Nombre del editor, distribuidor, etc. : McGraw-Hill
-- ; Osborne
Fecha de publicación, distribución, etc. , 1991
300 ## - DESCRIPCIÓN FÍSICA
Extensión xxvi, 387 páginas
Otras características físicas : ilustraciones
Dimensiones ; 23 centímetros
500 ## - NOTA GENERAL
Nota general Traducción de: : El manual de virus informáticos..
650 14 - PUNTO DE ACCESO ADICIONAL DE MATERIA--TÉRMINO DE MATERIA
Fuente del encabezamiento o término LEMB
Término de materia o nombre geográfico como elemento de entrada Virus informáticos
Subdivisión de forma Manuales
650 14 - PUNTO DE ACCESO ADICIONAL DE MATERIA--TÉRMINO DE MATERIA
Fuente del encabezamiento o término LEMB
Término de materia o nombre geográfico como elemento de entrada Virus informáticos
700 1# - ENTRADA AGREGADA--NOMBRE PERSONAL
Nombre de persona Romero Ibancos, Diego
Término indicativo de función/relación traductor
700 1# - ENTRADA AGREGADA--NOMBRE PERSONAL
Nombre de persona González Jiménez, Blas
Término indicativo de función/relación traductor
700 1# - ENTRADA AGREGADA--NOMBRE PERSONAL
Nombre de persona Joyanes Aguilar, Luis
Término indicativo de función/relación revisor
942 ## - ELEMENTOS DE ENTRADA SECUNDARIOS (KOHA)
Fuente del sistema de clasificación o colocación Clasificación Decimal Dewey
Tipo de ítem Koha Libros
Holdings
Estatus retirado Estado de pérdida Fuente del sistema de clasificación o colocación Estado de daño No para préstamo Colección Biblioteca de origen Biblioteca actual Fecha de adquisición Total de préstamos Signatura topográfica completa Código de barras Visto por última vez Copia número Precio de reemplazo Tipo de ítem Koha
    Clasificación Decimal Dewey     General BIBLIOTECA PÚBLICA MUNICIPAL RAMON CORREA MEJIA BIBLIOTECA PÚBLICA MUNICIPAL RAMON CORREA MEJIA 09/07/2009   005.84 L665v 04032 29/11/2023 Ej.1 29/11/2023 Libros

Powered by Koha